All Clash Royale Cards - Statistics

General Stats
  • This quiz has been taken 69 times
  • The average score is 35 of 66
Answer Stats
Hint Answer % Correct
Training Camp Common Knight
79%
1 Common Goblins
77%
Training Camp Epic Prince
77%
Training Camp Common Arrows
71%
Training Camp Rare Giant
70%
4 Epic Pekka
70%
Training Camp Epic Witch
70%
Training Camp Common Archers
68%
Training Camp Rare Mini Pekka
68%
2 Common Skeletons
66%
Training Camp Rare Fireball
64%
1 Common Spear Goblins
64%
Training Camp Epic Baby Dragon
63%
8 Common Ice Spirit
63%
5 Rare Wizard
63%
3 Common Barbarians
61%
5 Legendary Ice Wizard
61%
Training Camp Epic Skeleton Army
61%
4 Rare Hog Rider
59%
2 Common Minions
59%
7 Legendary Princess
59%
1 Epic Goblin Barrel
57%
6 Epic Golem
57%
6 Legendary Log
57%
5 Common Zap
57%
1 Rare Goblin Hut
55%
3 Epic Rage
55%
4 Legendary Inferno Dragon
54%
4 Legendary Lava Hound
54%
Training Camp Rare Musketeer
54%
7 Common Royal Giant
54%
6 Legendary Miner
52%
1 Rare Valkyrie
52%
2 Epic Balloon
50%
Training Camp Common Bomber
50%
7 Epic Dark Prince
50%
7 Legendary Electro Wizard
50%
4 Rare Inferno Tower
50%
1 Epic Lightning
50%
8 Legendary Lumberjack
50%
4 Common Minion Horde
50%
3 Common Cannon
48%
7 Common Elite Barbarians
48%
5 Rare Furnace
48%
8 Rare Ice Golem
48%
6 Legendary Sparky
48%
2 Rare Tombstone
48%
3 Rare Barbarian Hut
46%
4 Epic Freeze
46%
4 Common Tesla
46%
6 Common Mortar
45%
3 Epic X-Bow
45%
5 Epic Poison
43%
5 Common Fire Spirits
41%
2 Epic Giant Skeleton
41%
3 Rare Rocket
41%
2 Rare Bomb Tower
39%
5 Legendary Graveyard
39%
7 Rare Three Musketeers
39%
8 Epic Bowler
38%
6 Rare Elixir Collector
38%
5 Epic Mirror
38%
6 Epic Tornado
34%
7 Epic Guards
30%
7 Rare Mega Minion
30%
8 Rare Cloning
0%
No matching quizzes found
Score Distribution
Percent of People with Each Score
Percentile by Number Answered
Your Score History
You have not taken this quiz